| 000 | 00522nam a2200145Ia 4500 | ||
|---|---|---|---|
| 008 | 170221s9999 xx 000 0 und d | ||
| 100 | _aFarah Nadia Azman | ||
| 245 | 2 | _aA Study on User’s Perception towards Learner-generated Comics | |
| 245 | _cFarah Nadia Azman, Syamsul Bahrin Zaibon, Norshuhada Shiratuddin | ||
| 260 | _bInternational Review of Management and Marketing | ||
| 260 | _cSeptember 2016 | ||
| 300 | _a5:3 | ||
| 650 | _xMarketing. | ||
| 856 | _uhttp://www.econjournals.com/index.php/irmm/issue/view/97 | ||
| 999 |
_c309986 _d309986 |
||